000 00513nam a2200229Ia 4500
003 OSt
005 20220912144327.0
006 a|||||r|||| 00| 0
007 ta
008 220909b |||||||| |||| 00| 0 eng d
020 _aSL01093722
024 _a195657
037 _cTextual
040 _aCSL
_beng
_cCSL
041 _aeng
082 _aI, L6.1-;1
100 _aPandey
245 0 _aCollege botany
700 _aPandey
942 _hI, L6.1-;1
_cTEXL
_2CC
999 _c4987
_d4987